000 00404nam a2200169Ia 4500
008 221030s9999 xx 000 0 und d
020 _a0195615417
041 _aEnglish
082 _a105.23
_bTha
100 _aP. K. Thaker
245 0 _aDeveloping English Skills
260 _bOxford Unviersity Press
_aNew Delhi
_c1997
300 _a126
650 _aEnglish
700 _aS. D. Dasai
942 _cBK
999 _c1984
_d1984